[Event "Russian Championship (Rapid, Women)"]
[Site "Sochi"]
[Date "2018.10.05"]
[Round "3.10"]
[White "Charochkina, Daria"]
[Black "Ovod, Evgenija"]
[Result "1/2-1/2"]
[BlackElo "2198"]
[WhiteElo "2360"]
[LiveChessVersion "1.4.8"]

1. d4 {[%clk 0:15:19]} e6 {[%clk 0:15:18]} 2. c4 {[%clk 0:15:25]} f5
{[%clk 0:15:25]} 3. Nc3 {[%clk 0:15:30]} Nf6 {[%clk 0:15:34]} 4. g3
{[%clk 0:14:12]} d5 {[%clk 0:15:26]} 5. Bg2 {[%clk 0:14:20]} c6 {[%clk 0:15:35]}
6. Nh3 {[%clk 0:14:28]} Be7 {[%clk 0:15:33]} 7. O-O {[%clk 0:14:06]} O-O
{[%clk 0:15:40]} 8. Bf4 {[%clk 0:12:31]} b6 {[%clk 0:15:20]} 9. Qc2
{[%clk 0:11:59]} Bb7 {[%clk 0:15:09]} 10. cxd5 {[%clk 0:09:55]} cxd5
{[%clk 0:13:52]} 11. Nb5 {[%clk 0:09:10]} Ne8 {[%clk 0:12:25]} 12. Bxb8
{[%clk 0:07:27]} Qxb8 {[%clk 0:12:18]} 13. Nf4 {[%clk 0:07:27]} Rf6
{[%clk 0:10:13]} 14. Rac1 {[%clk 0:07:32]} a6 {[%clk 0:09:30]} 15. Nc7
{[%clk 0:07:24]} Nxc7 {[%clk 0:07:29]} 16. Qxc7 {[%clk 0:07:33]} Bd6
{[%clk 0:07:34]} 17. Qd7 {[%clk 0:05:24]} Bxf4 {[%clk 0:06:57]} 18. gxf4
{[%clk 0:05:33]} Bc8 {[%clk 0:06:48]} 19. Qc6 {[%clk 0:04:46]} Rf7
{[%clk 0:05:16]} 20. Rc3 {[%clk 0:04:11]} Bd7 {[%clk 0:04:46]} 21. Qc7
{[%clk 0:04:01]} Qxc7 {[%clk 0:02:51]} 22. Rxc7 {[%clk 0:04:09]} Bb5
{[%clk 0:03:00]} 23. Rfc1 {[%clk 0:02:36]} Rxc7 {[%clk 0:01:50]} 24. Rxc7
{[%clk 0:02:44]} Bxe2 {[%clk 0:01:59]} 25. Rc6 {[%clk 0:02:40]} Kf7
{[%clk 0:01:56]} 26. Rc7+ {[%clk 0:01:42]} Kf6 {[%clk 0:01:46]} 27. Rc6
{[%clk 0:01:51]} Ke7 {[%clk 0:01:06]} 28. Rc7+ {[%clk 0:01:02]} Kd6
{[%clk 0:01:12]} 29. Rxg7 {[%clk 0:01:11]} Rc8 {[%clk 0:01:21]} 30. h3
{[%clk 0:01:07]} Rc2 {[%clk 0:00:51]} 31. Rxh7 {[%clk 0:00:41]} Rxb2
{[%clk 0:01:00]} 32. h4 {[%clk 0:00:50]} Rxa2 {[%clk 0:00:26]} 33. h5
{[%clk 0:00:59]} Rc2 {[%clk 0:00:13]} 34. Rh8 {[%clk 0:00:42]} Rc7
{[%clk 0:00:13]} 35. h6 {[%clk 0:00:51]} Kc6 {[%clk 0:00:14]} 36. Re8
{[%clk 0:00:30]} Kd6 {[%clk 0:00:20]} 37. Rd8+ {[%clk 0:00:26]} Kc6
{[%clk 0:00:25]} 38. Re8 {[%clk 0:00:18]} Kd6 {[%clk 0:00:15]} 39. Rd8+
{[%clk 0:00:19]} Kc6 {[%clk 0:00:20]} 40. Re8 {[%clk 0:00:16]} Kd6
{[%clk 0:00:14]} 41. Rd8+ {[%clk 0:00:18]} Kc6 {[%clk 0:00:22]} 42. Re8
{[%clk 0:00:20]} Kd6 {[%clk 0:00:32]} 43. Rd8+ {[%clk 0:00:30]} Kc6
{[%clk 0:00:32]} 1/2-1/2

[Event "Russian Championship (Rapid, Women)"]
[Site "Sochi"]
[Date "2018.10.05"]
[Round "3.11"]
[White "Guseva, Marina"]
[Black "Potapova, Margarita"]
[Result "1/2-1/2"]
[BlackElo "2151"]
[WhiteElo "2320"]
[LiveChessVersion "1.4.8"]

1. d4 {[%clk 0:15:19]} Nf6 {[%clk 0:15:14]} 2. c4 {[%clk 0:15:28]} e6
{[%clk 0:15:10]} 3. Nc3 {[%clk 0:15:34]} Bb4 {[%clk 0:15:16]} 4. Nf3
{[%clk 0:15:41]} O-O {[%clk 0:14:54]} 5. Bg5 {[%clk 0:15:11]} d5 {[%clk 0:14:53]}
6. cxd5 {[%clk 0:14:27]} exd5 {[%clk 0:15:00]} 7. e3 {[%clk 0:14:15]} h6
{[%clk 0:15:02]} 8. Bh4 {[%clk 0:13:45]} c5 {[%clk 0:14:50]} 9. dxc5
{[%clk 0:13:09]} Nbd7 {[%clk 0:14:18]} 10. Be2 {[%clk 0:12:12]} Qa5
{[%clk 0:13:32]} 11. O-O {[%clk 0:12:14]} Bxc3 {[%clk 0:13:06]} 12. bxc3
{[%clk 0:12:22]} Ne4 {[%clk 0:10:05]} 13. Qc2 {[%clk 0:09:53]} Qxc3
{[%clk 0:09:25]} 14. Rfc1 {[%clk 0:08:41]} Qxc2 {[%clk 0:09:05]} 15. Rxc2
{[%clk 0:08:50]} g5 {[%clk 0:09:13]} 16. Bg3 {[%clk 0:08:33]} Ndxc5
{[%clk 0:08:40]} 17. Be5 {[%clk 0:08:35]} Bf5 {[%clk 0:08:11]} 18. Nd4
{[%clk 0:08:30]} Bg6 {[%clk 0:08:08]} 19. f3 {[%clk 0:07:12]} Nd7
{[%clk 0:05:17]} 20. Bc7 {[%clk 0:07:20]} Nec5 {[%clk 0:05:03]} 21. Rd2
{[%clk 0:07:23]} Rfe8 {[%clk 0:04:32]} 22. Kf2 {[%clk 0:05:36]} a6
{[%clk 0:03:27]} 23. a4 {[%clk 0:04:00]} Rac8 {[%clk 0:02:43]} 24. Bd6
{[%clk 0:03:47]} Ne5 {[%clk 0:02:47]} 25. Bxc5 {[%clk 0:03:00]} Rxc5
{[%clk 0:02:55]} 26. Rb2 {[%clk 0:02:22]} Re7 {[%clk 0:02:27]} 27. Ra3
{[%clk 0:01:44]} Rc1 {[%clk 0:02:06]} 28. Rab3 {[%clk 0:01:39]} Nc4
{[%clk 0:01:30]} 29. Bxc4 {[%clk 0:01:47]} dxc4 {[%clk 0:01:17]} 30. Rxb7
{[%clk 0:01:40]} Rxb7 {[%clk 0:01:12]} 31. Rxb7 {[%clk 0:01:49]} Ra1
{[%clk 0:01:14]} 32. e4 {[%clk 0:01:36]} Rxa4 {[%clk 0:01:22]} 33. Rc7
{[%clk 0:01:44]} a5 {[%clk 0:00:40]} 34. Rc5 {[%clk 0:00:54]} c3 {[%clk 0:00:31]}
35. Ne2 {[%clk 0:00:50]} Ra2 {[%clk 0:00:25]} 36. Rxc3 {[%clk 0:00:57]} a4
{[%clk 0:00:23]} 37. Rc8+ {[%clk 0:00:54]} Kg7 {[%clk 0:00:32]} 38. Ra8
{[%clk 0:01:03]} f5 {[%clk 0:00:31]} 39. Ra7+ {[%clk 0:00:49]} Kf8
{[%clk 0:00:36]} 40. Ra6 {[%clk 0:00:56]} Kg7 {[%clk 0:00:41]} 41. Ra7+
{[%clk 0:01:04]} Kf8 {[%clk 0:00:43]} 42. Ra6 {[%clk 0:01:13]} Kg7
{[%clk 0:00:28]} 43. Ra7+ {[%clk 0:01:22]} 1/2-1/2

[Event "Russian Championship (Rapid, Women)"]
[Site "Sochi"]
[Date "2018.10.05"]
[Round "3.12"]
[White "Protopopova, Anastasiya"]
[Black "Kovanova, Baira"]
[Result "1/2-1/2"]
[BlackElo "2317"]
[WhiteElo "2105"]
[LiveChessVersion "1.4.8"]

1. d4 {[%clk 0:15:17]} Nf6 {[%clk 0:15:19]} 2. c4 {[%clk 0:15:23]} e6
{[%clk 0:15:23]} 3. g3 {[%clk 0:15:30]} c5 {[%clk 0:15:24]} 4. d5
{[%clk 0:15:38]} exd5 {[%clk 0:15:33]} 5. cxd5 {[%clk 0:15:46]} g6
{[%clk 0:15:38]} 6. Nc3 {[%clk 0:15:54]} Bg7 {[%clk 0:15:44]} 7. Bg2
{[%clk 0:16:03]} d6 {[%clk 0:15:53]} 8. Nf3 {[%clk 0:16:11]} O-O {[%clk 0:15:59]}
9. O-O {[%clk 0:16:18]} a6 {[%clk 0:15:57]} 10. a4 {[%clk 0:16:25]} Nbd7
{[%clk 0:15:45]} 11. Bf4 {[%clk 0:16:25]} Qe7 {[%clk 0:15:16]} 12. Re1
{[%clk 0:16:14]} Ng4 {[%clk 0:13:42]} 13. Rb1 {[%clk 0:11:45]} h6
{[%clk 0:13:19]} 14. h4 {[%clk 0:10:22]} Nde5 {[%clk 0:12:57]} 15. Qc1
{[%clk 0:09:54]} Kh7 {[%clk 0:12:56]} 16. b4 {[%clk 0:09:26]} b6 {[%clk 0:11:21]}
17. a5 {[%clk 0:08:50]} Bf5 {[%clk 0:11:13]} 18. e4 {[%clk 0:07:39]} Bd7
{[%clk 0:08:27]} 19. Nxe5 {[%clk 0:05:06]} Nxe5 {[%clk 0:08:35]} 20. bxc5
{[%clk 0:03:55]} bxc5 {[%clk 0:07:41]} 21. Qc2 {[%clk 0:03:51]} Bg4
{[%clk 0:07:39]} 22. Bxe5 {[%clk 0:03:36]} Bxe5 {[%clk 0:06:53]} 23. Rb6
{[%clk 0:03:37]} Qf6 {[%clk 0:06:01]} 24. Nd1 {[%clk 0:02:56]} Bd7
{[%clk 0:05:01]} 25. Bf1 {[%clk 0:02:44]} Bd4 {[%clk 0:04:58]} 26. Ne3
{[%clk 0:02:28]} c4 {[%clk 0:04:18]} 27. Nxc4 {[%clk 0:01:50]} Rac8
{[%clk 0:03:52]} 28. e5 {[%clk 0:01:20]} Qf3 {[%clk 0:02:30]} 29. Qe2
{[%clk 0:00:22]} Qxg3+ {[%clk 0:02:31]} 30. Bg2 {[%clk 0:00:16]} Bh3
{[%clk 0:02:25]} 31. Qf3 {[%clk 0:00:11]} Qxf3 {[%clk 0:01:35]} 32. Bxf3
{[%clk 0:00:20]} Rxc4 {[%clk 0:01:44]} 33. Rxd6 {[%clk 0:00:20]} Rc2
{[%clk 0:01:46]} 34. Re2 {[%clk 0:00:25]} Rxe2 {[%clk 0:01:21]} 35. Bxe2
{[%clk 0:00:34]} Bxe5 {[%clk 0:01:18]} 36. Rxa6 {[%clk 0:00:40]} Rb8
{[%clk 0:01:18]} 37. f4 {[%clk 0:00:29]} Bxf4 {[%clk 0:01:05]} 38. Rf6
{[%clk 0:00:38]} Bg3 {[%clk 0:00:49]} 39. Rxf7+ {[%clk 0:00:38]} Kg8
{[%clk 0:00:58]} 40. Rf3 {[%clk 0:00:43]} Rb1+ {[%clk 0:01:07]} 41. Bf1
{[%clk 0:00:52]} Bxf1 {[%clk 0:00:23]} 42. Rxg3 {[%clk 0:00:54]} Bc4+
{[%clk 0:00:27]} 43. Kh2 {[%clk 0:00:51]} Rb2+ {[%clk 0:00:34]} 44. Kg1
{[%clk 0:00:58]} Kg7 {[%clk 0:00:32]} 45. d6 {[%clk 0:00:44]} Rd2
{[%clk 0:00:38]} 46. Rc3 {[%clk 0:00:52]} Bb5 {[%clk 0:00:33]} 47. Rc5
{[%clk 0:00:54]} Ba4 {[%clk 0:00:19]} 48. Rc4 {[%clk 0:00:27]} Bb5
{[%clk 0:00:29]} 49. Rc5 {[%clk 0:00:36]} Be8 {[%clk 0:00:30]} 50. Rc8
{[%clk 0:00:38]} Kf7 {[%clk 0:00:37]} 51. a6 {[%clk 0:00:42]} Ra2
{[%clk 0:00:30]} 52. Rc7+ {[%clk 0:00:46]} Ke6 {[%clk 0:00:17]} 53. Re7+
{[%clk 0:00:49]} Kxd6 {[%clk 0:00:25]} 54. Rxe8 {[%clk 0:00:56]} Rxa6
{[%clk 0:00:34]} 55. Kg2 {[%clk 0:00:36]} Kd5 {[%clk 0:00:34]} 56. Kg3
{[%clk 0:00:41]} Re6 {[%clk 0:00:40]} 57. Rh8 {[%clk 0:00:34]} h5
{[%clk 0:00:49]} 58. Ra8 {[%clk 0:00:24]} Re3+ {[%clk 0:00:29]} 59. Kf4
{[%clk 0:00:15]} Re4+ {[%clk 0:00:37]} 60. Kg3 {[%clk 0:00:17]} Ke5
{[%clk 0:00:46]} 61. Re8+ {[%clk 0:00:22]} Kd4 {[%clk 0:00:42]} 62. Rd8+
{[%clk 0:00:22]} Ke3 {[%clk 0:00:49]} 63. Rd6 {[%clk 0:00:23]} Rg4+
{[%clk 0:00:56]} 64. Kh3 {[%clk 0:00:30]} Kf4 {[%clk 0:00:47]} 65. Rd4+
{[%clk 0:00:28]} Kf3 {[%clk 0:00:51]} 66. Rd3+ {[%clk 0:00:35]} Ke4
{[%clk 0:00:53]} 67. Rd8 {[%clk 0:00:39]} Rg1 {[%clk 0:00:45]} 1/2-1/2

[Event "Russian Championship (Rapid, Women)"]
[Site "Sochi"]
[Date "2018.10.05"]
[Round "4.1"]
[White "Voit, Daria"]
[Black "Dordzhieva, Dinara"]
[Result "1-0"]
[BlackElo "2248"]
[WhiteElo "2355"]
[LiveChessVersion "1.4.8"]

1. Nf3 {[%clk 0:15:17]} d5 {[%clk 0:15:08]} 2. c4 {[%clk 0:15:24]} d4
{[%clk 0:14:37]} 3. b4 {[%clk 0:15:31]} f6 {[%clk 0:14:27]} 4. e3
{[%clk 0:15:35]} c5 {[%clk 0:14:15]} 5. bxc5 {[%clk 0:15:35]} Nc6
{[%clk 0:14:07]} 6. exd4 {[%clk 0:15:13]} Nxd4 {[%clk 0:14:05]} 7. Bb2
{[%clk 0:15:17]} Nxf3+ {[%clk 0:13:39]} 8. Qxf3 {[%clk 0:15:24]} e5
{[%clk 0:13:49]} 9. Bd3 {[%clk 0:12:03]} Bxc5 {[%clk 0:13:10]} 10. Qh5+
{[%clk 0:11:19]} Kf8 {[%clk 0:13:11]} 11. Be4 {[%clk 0:11:18]} Bxf2+
{[%clk 0:12:21]} 12. Kxf2 {[%clk 0:11:04]} Qb6+ {[%clk 0:12:29]} 13. Ke2
{[%clk 0:10:59]} Qxb2 {[%clk 0:12:21]} 14. Nc3 {[%clk 0:10:45]} Nh6
{[%clk 0:10:16]} 15. h3 {[%clk 0:10:16]} Be6 {[%clk 0:10:00]} 16. Rhb1
{[%clk 0:10:06]} Bxc4+ {[%clk 0:09:15]} 17. Ke1 {[%clk 0:10:12]} Qa3
{[%clk 0:09:24]} 18. Rxb7 {[%clk 0:10:16]} Qc5 {[%clk 0:09:05]} 19. Ne2
{[%clk 0:08:07]} Rd8 20. d3 {[%clk 0:06:16]} Ba6 {[%clk 0:03:04]} 21. Rb2
{[%clk 0:05:09]} Nf7 {[%clk 0:02:44]} 22. Rc1 {[%clk 0:04:51]} Qe3
{[%clk 0:00:39]} 23. Rc7 {[%clk 0:03:54]} Nd6 {[%clk 0:00:48]} 24. Bd5
{[%clk 0:03:22]} g6 {[%clk 0:00:18]} 25. Qh4 {[%clk 0:03:28]} Qg5
{[%clk 0:00:15]} 26. Qb4 {[%clk 0:03:21]} f5 {[%clk 0:00:13]} 27. Rf7+
{[%clk 0:03:11]} Ke8 {[%clk 0:00:15]} 28. Qa4+ {[%clk 0:03:10]} Bb5
{[%clk 0:00:12]} 29. Rxb5 {[%clk 0:03:06]} Nxf7 {[%clk 0:00:14]} 30. Rb7+
{[%clk 0:03:11]} Kf8 {[%clk 0:00:17]} 31. Rxf7+ {[%clk 0:03:14]} Kg8 32. Rxf5+
{[%clk 0:03:06]} 1-0

[Event "Russian Championship (Rapid, Women)"]
[Site "Sochi"]
[Date "2018.10.05"]
[Round "4.2"]
[White "Sukhareva, Evgeniya"]
[Black "Kashlinskaya, Alina"]
[Result "0-1"]
[BlackElo "2353"]
[WhiteElo "2258"]
[LiveChessVersion "1.4.8"]

1. d4 {[%clk 0:15:17]} Nf6 {[%clk 0:15:18]} 2. c4 {[%clk 0:15:24]} g6
{[%clk 0:15:27]} 3. Nc3 {[%clk 0:15:28]} Bg7 {[%clk 0:15:35]} 4. e4
{[%clk 0:15:35]} d6 {[%clk 0:15:44]} 5. f3 {[%clk 0:15:41]} O-O {[%clk 0:15:49]}
6. Bg5 {[%clk 0:15:49]} c5 {[%clk 0:15:26]} 7. d5 {[%clk 0:15:58]} a6
{[%clk 0:15:25]} 8. Qd2 {[%clk 0:16:04]} e6 {[%clk 0:15:08]} 9. a4
{[%clk 0:15:52]} exd5 {[%clk 0:14:33]} 10. cxd5 {[%clk 0:15:59]} h6
{[%clk 0:13:49]} 11. Be3 {[%clk 0:16:02]} Kh7 {[%clk 0:13:19]} 12. Nge2
{[%clk 0:16:03]} Nbd7 {[%clk 0:13:29]} 13. Ng3 {[%clk 0:16:04]} Ne5
{[%clk 0:13:05]} 14. Be2 {[%clk 0:16:10]} Bd7 {[%clk 0:13:03]} 15. O-O
{[%clk 0:16:16]} b5 {[%clk 0:12:59]} 16. axb5 {[%clk 0:11:37]} axb5
{[%clk 0:13:07]} 17. Nxb5 {[%clk 0:11:44]} Qb6 {[%clk 0:13:04]} 18. Nc3
{[%clk 0:11:41]} Qb3 {[%clk 0:12:16]} 19. h3 {[%clk 0:10:34]} Nc4
{[%clk 0:11:00]} 20. Bxc4 {[%clk 0:10:38]} Qxc4 {[%clk 0:11:08]} 21. Rxa8
{[%clk 0:09:59]} Rxa8 {[%clk 0:11:17]} 22. f4 {[%clk 0:08:22]} Re8
{[%clk 0:10:32]} 23. Qf2 {[%clk 0:05:47]} Bc8 {[%clk 0:10:06]} 24. Rd1
{[%clk 0:05:18]} Bb7 {[%clk 0:09:42]} 25. Qf1 {[%clk 0:03:05]} Qxf1+
{[%clk 0:08:39]} 26. Kxf1 {[%clk 0:03:12]} h5 {[%clk 0:08:48]} 27. e5
{[%clk 0:01:03]} dxe5 {[%clk 0:03:47]} 28. f5 {[%clk 0:01:12]} Nd7
{[%clk 0:03:18]} 29. Nce4 {[%clk 0:00:26]} h4 {[%clk 0:03:12]} 30. Ng5+
{[%clk 0:00:38]} Kg8 {[%clk 0:03:19]} 31. N3e4 {[%clk 0:00:39]} gxf5
{[%clk 0:03:12]} 32. Nxc5 {[%clk 0:00:24]} Nxc5 {[%clk 0:02:29]} 33. Bxc5
{[%clk 0:00:33]} e4 {[%clk 0:01:59]} 34. d6 {[%clk 0:00:15]} Bc6 {[%clk 0:01:27]}
35. b4 {[%clk 0:00:12]} Bf6 {[%clk 0:01:19]} 36. d7 {[%clk 0:00:13]} Rd8
{[%clk 0:01:14]} 0-1

[Event "Russian Championship (Rapid, Women)"]
[Site "Sochi"]
[Date "2018.10.05"]
[Round "4.3"]
[White "Shuvalova, Polina"]
[Black "Vasilevich, Irina"]
[Result "1-0"]
[BlackElo "2226"]
[WhiteElo "2342"]
[LiveChessVersion "1.4.8"]

1. e4 {[%clk 0:15:18]} c5 {[%clk 0:15:17]} 2. Nf3 {[%clk 0:15:26]} e6
{[%clk 0:15:25]} 3. c3 {[%clk 0:15:35]} d5 {[%clk 0:15:29]} 4. exd5
{[%clk 0:15:43]} exd5 {[%clk 0:15:37]} 5. d4 {[%clk 0:15:50]} Nc6
{[%clk 0:15:43]} 6. Bb5 {[%clk 0:15:49]} Bd6 {[%clk 0:15:46]} 7. dxc5
{[%clk 0:15:56]} Bxc5 {[%clk 0:15:54]} 8. O-O {[%clk 0:16:01]} Nge7
{[%clk 0:15:58]} 9. Nbd2 {[%clk 0:16:04]} O-O {[%clk 0:15:53]} 10. Nb3
{[%clk 0:16:12]} Bb6 {[%clk 0:15:48]} 11. Bg5 {[%clk 0:15:29]} Bg4
{[%clk 0:13:52]} 12. Re1 {[%clk 0:15:11]} Qd6 {[%clk 0:12:58]} 13. Be3
{[%clk 0:11:08]} Ne5 {[%clk 0:09:48]} 14. Bxb6 {[%clk 0:07:55]} Bxf3
{[%clk 0:04:08]} 15. Be2 {[%clk 0:07:35]} Bxg2 {[%clk 0:03:21]} 16. Bc5
{[%clk 0:06:53]} Qg6 {[%clk 0:02:56]} 17. Bh5 {[%clk 0:06:49]} Nf3+
{[%clk 0:01:36]} 18. Qxf3 {[%clk 0:06:57]} Bxf3+ {[%clk 0:01:45]} 19. Bxg6
{[%clk 0:07:05]} Nxg6 {[%clk 0:01:53]} 20. Bxf8 {[%clk 0:07:11]} Kxf8
{[%clk 0:01:53]} 21. Re3 {[%clk 0:07:17]} Nh4 {[%clk 0:01:12]} 22. Nd4
{[%clk 0:06:16]} Bg4 {[%clk 0:01:21]} 23. f3 {[%clk 0:05:51]} Bh3
{[%clk 0:00:43]} 24. Re5 {[%clk 0:04:52]} f6 {[%clk 0:00:14]} 25. Rh5
{[%clk 0:04:41]} g5 {[%clk 0:00:19]} 26. Rxh7 {[%clk 0:04:44]} Kg8
{[%clk 0:00:29]} 27. Rxb7 {[%clk 0:04:37]} Ng6 {[%clk 0:00:28]} 28. Re1
{[%clk 0:04:06]} Ne5 {[%clk 0:00:30]} 29. Re3 {[%clk 0:04:14]} Bc8
{[%clk 0:00:20]} 30. Rc7 {[%clk 0:04:10]} Rb8 {[%clk 0:00:25]} 31. Rxe5
{[%clk 0:04:05]} fxe5 {[%clk 0:00:33]} 32. Nc6 {[%clk 0:04:14]} Rxb2
{[%clk 0:00:22]} 33. Rxc8+ {[%clk 0:04:06]} Kf7 {[%clk 0:00:31]} 34. Nxe5+
{[%clk 0:04:08]} Ke6 {[%clk 0:00:39]} 35. Re8+ {[%clk 0:03:48]} Kf5
{[%clk 0:00:44]} 36. Nd3 {[%clk 0:03:47]} Rxa2 {[%clk 0:00:19]} 37. Re5+
{[%clk 0:03:54]} Kf6 {[%clk 0:00:28]} 38. Rxd5 {[%clk 0:04:03]} 1-0

[Event "Russian Championship (Rapid, Women)"]
[Site "Sochi"]
[Date "2018.10.05"]
[Round "4.4"]
[White "Garifullina, Leya"]
[Black "Ambartsumova, Karina"]
[Result "0-1"]
[BlackElo "2327"]
[WhiteElo "2030"]
[LiveChessVersion "1.4.8"]

1. e4 {[%clk 0:15:18]} c5 {[%clk 0:15:09]} 2. Nf3 {[%clk 0:15:26]} e6
{[%clk 0:15:08]} 3. d4 {[%clk 0:15:34]} cxd4 {[%clk 0:15:16]} 4. Nxd4
{[%clk 0:15:42]} a6 {[%clk 0:15:06]} 5. Bd3 {[%clk 0:15:50]} Bc5 {[%clk 0:15:06]}
6. Nb3 {[%clk 0:15:59]} Ba7 {[%clk 0:15:08]} 7. O-O {[%clk 0:15:54]} Ne7
{[%clk 0:14:35]} 8. Nc3 {[%clk 0:15:55]} d6 {[%clk 0:14:25]} 9. Qe2
{[%clk 0:15:54]} O-O {[%clk 0:14:12]} 10. Be3 {[%clk 0:16:02]} Bxe3
{[%clk 0:13:48]} 11. Qxe3 {[%clk 0:16:10]} e5 {[%clk 0:13:10]} 12. a4
{[%clk 0:16:06]} Be6 {[%clk 0:12:48]} 13. f4 {[%clk 0:15:39]} exf4
{[%clk 0:12:28]} 14. Rxf4 {[%clk 0:15:38]} Nbc6 {[%clk 0:12:05]} 15. Raf1
{[%clk 0:15:31]} Ng6 {[%clk 0:10:39]} 16. R4f2 {[%clk 0:15:34]} Nge5
{[%clk 0:09:15]} 17. h3 {[%clk 0:15:37]} Rc8 {[%clk 0:08:34]} 18. Nd2
{[%clk 0:15:30]} Nb4 {[%clk 0:08:17]} 19. Nf3 {[%clk 0:15:23]} Qe7
{[%clk 0:07:28]} 20. Nd4 {[%clk 0:14:50]} Rfe8 {[%clk 0:04:30]} 21. Qg3
{[%clk 0:14:12]} Kh8 {[%clk 0:03:31]} 22. Nf5 {[%clk 0:13:45]} Bxf5
{[%clk 0:03:39]} 23. exf5 {[%clk 0:13:54]} f6 {[%clk 0:03:44]} 24. Be4
{[%clk 0:14:02]} Qc7 {[%clk 0:03:19]} 25. Nd5 {[%clk 0:13:35]} Nxd5
{[%clk 0:03:25]} 26. Bxd5 {[%clk 0:13:44]} Qb6 {[%clk 0:03:34]} 27. Qb3
{[%clk 0:13:35]} Qxb3 {[%clk 0:03:33]} 28. Bxb3 {[%clk 0:13:43]} Red8
{[%clk 0:00:55]} 29. Rd1 {[%clk 0:13:40]} b6 {[%clk 0:00:56]} 30. Be6
{[%clk 0:13:32]} Rc6 {[%clk 0:00:59]} 31. Rfd2 {[%clk 0:13:34]} g6
{[%clk 0:01:06]} 32. Bd5 {[%clk 0:13:34]} Rc7 {[%clk 0:01:15]} 33. b3
{[%clk 0:13:22]} Kg7 {[%clk 0:01:20]} 34. c4 {[%clk 0:13:30]} Kf8
{[%clk 0:01:26]} 35. a5 {[%clk 0:13:10]} bxa5 {[%clk 0:01:08]} 36. Ra2
{[%clk 0:13:06]} Rc5 {[%clk 0:01:09]} 37. Rda1 {[%clk 0:13:07]} Rb8
{[%clk 0:00:54]} 38. Rxa5 {[%clk 0:13:16]} Rxa5 {[%clk 0:00:48]} 39. Rxa5
{[%clk 0:13:24]} Rb6 {[%clk 0:00:56]} 40. c5 {[%clk 0:12:49]} dxc5
{[%clk 0:01:04]} 41. Rxc5 {[%clk 0:12:58]} Ke7 {[%clk 0:01:10]} 42. Rc3
{[%clk 0:12:42]} gxf5 {[%clk 0:01:06]} 43. g3 {[%clk 0:12:30]} Kd6
{[%clk 0:00:48]} 44. Bg8 {[%clk 0:12:29]} h6 {[%clk 0:00:52]} 45. Bh7
{[%clk 0:11:20]} Rc6 {[%clk 0:01:01]} 46. Re3 {[%clk 0:11:04]} Kd5
{[%clk 0:00:40]} 47. Bxf5 {[%clk 0:10:59]} Kd4 {[%clk 0:00:49]} 48. Re4+
{[%clk 0:11:00]} Kc3 {[%clk 0:00:57]} 49. Re3+ {[%clk 0:10:57]} Kb4
{[%clk 0:01:03]} 50. Kf2 {[%clk 0:10:58]} Rc3 {[%clk 0:00:55]} 51. Be6
{[%clk 0:10:56]} Nd3+ {[%clk 0:00:54]} 52. Kf3 {[%clk 0:10:29]} Nc5
{[%clk 0:01:03]} 53. Rxc3 {[%clk 0:10:21]} Kxc3 {[%clk 0:01:11]} 54. Bc4
{[%clk 0:09:48]} a5 {[%clk 0:01:18]} 55. Kg4 {[%clk 0:09:56]} Nxb3
{[%clk 0:00:55]} 56. Bb5 {[%clk 0:10:04]} Nd4 {[%clk 0:00:57]} 57. Bd7
{[%clk 0:10:11]} Kb4 {[%clk 0:00:38]} 58. Kh5 {[%clk 0:10:19]} Nb5
{[%clk 0:00:46]} 59. Kxh6 {[%clk 0:10:23]} a4 {[%clk 0:00:56]} 60. Be6
{[%clk 0:10:07]} Nd4 {[%clk 0:01:03]} 61. Ba2 {[%clk 0:10:13]} Nb3
{[%clk 0:01:02]} 62. Kg6 {[%clk 0:10:17]} Ka3 {[%clk 0:01:10]} 63. h4
{[%clk 0:10:15]} Kxa2 {[%clk 0:01:06]} 64. h5 {[%clk 0:10:24]} a3
{[%clk 0:00:33]} 65. h6 {[%clk 0:10:33]} Kb1 {[%clk 0:00:40]} 66. h7
{[%clk 0:10:40]} a2 {[%clk 0:00:48]} 67. h8=Q {[%clk 0:10:38]} a1=Q
{[%clk 0:00:55]} 68. Qxf6 {[%clk 0:10:30]} Qa8 {[%clk 0:00:39]} 69. g4
{[%clk 0:10:10]} Qg8+ {[%clk 0:00:35]} 70. Kf5 {[%clk 0:10:14]} Qd5+
{[%clk 0:00:44]} 71. Qe5 {[%clk 0:10:17]} Nd4+ {[%clk 0:00:48]} 72. Kf6
{[%clk 0:10:21]} Qf3+ {[%clk 0:00:49]} 73. Kg5 {[%clk 0:10:22]} Qd3
{[%clk 0:00:52]} 74. Kf6 {[%clk 0:10:25]} Kc2 {[%clk 0:00:39]} 75. g5
{[%clk 0:10:26]} Qa6+ {[%clk 0:00:39]} 76. Kf7 {[%clk 0:10:29]} Qb7+
{[%clk 0:00:40]} 77. Kf6 {[%clk 0:10:23]} Qc6+ {[%clk 0:00:35]} 78. Kf7
{[%clk 0:10:28]} Qd7+ {[%clk 0:00:36]} 79. Kf6 {[%clk 0:10:19]} Qc6+
{[%clk 0:00:42]} 80. Kf7 {[%clk 0:10:27]} Qf3+ {[%clk 0:00:50]} 81. Qf6
{[%clk 0:10:25]} Qd5+ {[%clk 0:00:57]} 82. Kg7 {[%clk 0:10:17]} Kd3
{[%clk 0:00:20]} 83. g6 {[%clk 0:09:44]} Ne6+ {[%clk 0:00:20]} 84. Kh6
{[%clk 0:09:41]} Qh1+ {[%clk 0:00:28]} 0-1

[Event "Russian Championship (Rapid, Women)"]
[Site "Sochi"]
[Date "2018.10.05"]
[Round "4.5"]
[White "Styazhkina, Anna"]
[Black "Drozdova, Dina"]
[Result "1-0"]
[BlackElo "2206"]
[WhiteElo "2214"]
[LiveChessVersion "1.4.8"]

1. e4 {[%clk 0:15:17]} d6 {[%clk 0:15:19]} 2. d4 {[%clk 0:15:21]} Nf6
{[%clk 0:15:27]} 3. Nc3 {[%clk 0:15:29]} e5 {[%clk 0:15:35]} 4. Nge2
{[%clk 0:15:35]} c6 {[%clk 0:15:35]} 5. a4 {[%clk 0:15:09]} Be7 {[%clk 0:14:54]}
6. h3 {[%clk 0:14:24]} Nbd7 {[%clk 0:12:46]} 7. g4 {[%clk 0:13:55]} Nf8
{[%clk 0:11:40]} 8. Bg2 {[%clk 0:13:45]} Ng6 {[%clk 0:11:42]} 9. Qd3
{[%clk 0:12:03]} Nd7 {[%clk 0:11:00]} 10. f4 {[%clk 0:09:31]} Bh4+
{[%clk 0:09:19]} 11. Kd1 {[%clk 0:08:52]} exf4 {[%clk 0:09:19]} 12. Nxf4
{[%clk 0:08:55]} O-O {[%clk 0:08:00]} 13. Nce2 {[%clk 0:06:57]} c5
{[%clk 0:05:58]} 14. c3 {[%clk 0:04:50]} cxd4 {[%clk 0:05:27]} 15. cxd4
{[%clk 0:04:55]} a5 {[%clk 0:05:05]} 16. Nc3 {[%clk 0:03:59]} Nb6
{[%clk 0:04:42]} 17. Be3 {[%clk 0:03:13]} Be6 {[%clk 0:03:51]} 18. d5
{[%clk 0:01:20]} Bd7 {[%clk 0:01:03]} 19. Nxg6 {[%clk 0:01:19]} hxg6
{[%clk 0:01:05]} 20. Qd4 {[%clk 0:01:15]} Nc8 {[%clk 0:01:13]} 21. Rc1
{[%clk 0:01:08]} Bf6 {[%clk 0:00:39]} 22. Qc4 {[%clk 0:00:43]} Bxc3
{[%clk 0:00:21]} 23. Qxc3 {[%clk 0:00:20]} Bxa4+ {[%clk 0:00:25]} 24. b3
{[%clk 0:00:23]} Bb5 {[%clk 0:00:25]} 25. Bd4 {[%clk 0:00:26]} f6
{[%clk 0:00:31]} 26. h4 {[%clk 0:00:32]} a4 {[%clk 0:00:34]} 27. h5
{[%clk 0:00:29]} g5 {[%clk 0:00:25]} 28. h6 {[%clk 0:00:31]} axb3
{[%clk 0:00:31]} 29. hxg7 {[%clk 0:00:16]} Kxg7 {[%clk 0:00:40]} 30. Qh3
{[%clk 0:00:21]} Rg8 {[%clk 0:00:24]} 31. Qh7+ {[%clk 0:00:19]} Kf8
{[%clk 0:00:33]} 32. Rc7 {[%clk 0:00:13]} Ne7 {[%clk 0:00:40]} 33. Rxb7
{[%clk 0:00:15]} b2 {[%clk 0:00:18]} 34. Bxb2 {[%clk 0:00:21]} Bd7
{[%clk 0:00:25]} 35. Bxf6 {[%clk 0:00:22]} Bxg4+ {[%clk 0:00:32]} 36. Ke1
{[%clk 0:00:15]} Qa5+ {[%clk 0:00:37]} 37. Kf1 {[%clk 0:00:14]} Qa6+ 38. Kg1
{[%clk 0:00:21]} Qxb7 {[%clk 0:00:52]} 39. Kh2 {[%clk 0:00:16]} Be2
{[%clk 0:00:40]} 40. Rb1 {[%clk 0:00:17]} Qd7 {[%clk 0:00:41]} 41. Rb2
{[%clk 0:00:20]} Bg4 {[%clk 0:00:22]} 42. Rf2 {[%clk 0:00:22]} Bf5
{[%clk 0:00:16]} 43. Rxf5 {[%clk 0:00:21]} Ke8 {[%clk 0:00:22]} 44. Bxe7
{[%clk 0:00:26]} Qxe7 {[%clk 0:00:23]} 45. Qxg8+ {[%clk 0:00:31]} Kd7
{[%clk 0:00:32]} 46. Qxa8 {[%clk 0:00:37]} Qh7+ {[%clk 0:00:41]} 47. Kg1
{[%clk 0:00:44]} 1-0